LEADER 01479cam a2200325 a 4500
008 920713s1991 abc 000 0 eng
010 |a  92184945  
020 |a 0920897886 
035 |a (DLC) 92184945 
043 |a n-cn-bc  |a n-cnp-- 
082 0 0 |a 810.8/09287  |2 20 
245 0 0 |a Writing the circle :  |b native women of western Canada : an anthology /  |c compiled and edited by Jeanne Perreault and Sylvia Vance ; with a preface by Emma LaRocque 
260 |a Edmonton, Alta., Canada :  |b NeWest,  |c c1990 (1991 printing) 
300 |a xxx, 293 p. ;  |c 22 cm. 
650 0 |a Canadian literature  |x Indian authors. 
650 0 |a Canadian literature  |x Women authors. 
650 0 |a Canadian literature  |y 20th century. 
650 0 |a Canadian literature  |z Canada, Western. 
650 0 |a Indian women  |x Literary collections. 
650 0 |a Indians of North America  |x Literary collections. 
650 0 |a Inuit women  |x Literary collections. 
650 0 |a Women  |z Canada, Western  |x Literary collections. 
651 0 |a Canada, Western  |x Literary collections. 
700 1 |a Perreault, Jeanne Martha. 
700 1 |a Vance, Sylvia. 
906 |a 7  |b cbc  |c orignew  |d 3  |e ncip  |f 19  |g y-gencatlg 
942 |c BK 
955 |a RB05;RC11 7/13/92; uc05 to HLCD 01-21-93; se20 02-08-93; lh06 02-09-93 (PR9194.5.I5 W74); lj04 03-16-93;aa05 04-20-93 
999 |c 196679  |d 196679 
952 |0 0  |1 0  |4 0  |6 813_000000000000000_PER_A  |7 0  |9 217374  |a ENG  |b ENG  |c ST1  |d 2017-03-14  |i 15716  |l 0  |o 813 PER/A  |p ENG15716  |r 2017-03-14  |w 2018-08-21  |y BK